| 000 -LEADER |
| fixed length control field |
00693nam a22002417a 4500 |
| 005 - DATE AND TIME OF LATEST TRANSACTION |
| control field |
20131029104056.0 |
| 008 - FIXED-LENGTH DATA ELEMENTS--GENERAL INFORMATION |
| fixed length control field |
860825s1985 gw a b 000 0 ger |
| 020 ## - INTERNATIONAL STANDARD BOOK NUMBER |
| International Standard Book Number |
3593361299 |
| 041 0# - LANGUAGE CODE |
| Language code of text/sound track or separate title |
ger |
| 080 ## - UNIVERSAL DECIMAL CLASSIFICATION NUMBER |
| Universal Decimal Classification number |
304 |
| 100 1# - Rafti |
| Rafti |
Ladmiral, Jean-Rene |
| 245 00 - TITLE STATEMENT |
| Title |
Interkulturelle Kommunikation : |
| Statement of responsibility, etc |
Zur Dynamik mehrsprachiger gruppen |
| 260 ## - |
| -- |
Frankfurt : |
| -- |
Campus Verlag ; |
| -- |
2000. |
| 300 ## - |
| -- |
296 p. : |
| -- |
21 cm. |
| 500 ## - |
| -- |
Vorwort : f. 11-16 |
| 504 ## - BIBLIOGRAPHY, ETC. NOTE |
| Bibliography, etc |
Includes bibliography. |
| 650 #0 - |
| -- |
Komunikimi interkultural |
| 650 #0 - |
| -- |
Shkenca shoqërore |
| 650 #0 - |
| -- |
Komunikimi |
| 700 1# - |
| -- |
Lipiansky, Edmond Marc |
| 830 #0 - |
| -- |
Kommunikation und Institution ; |
| 942 ## - ADDED ENTRY ELEMENTS (KOHA) |
| Source of classification or shelving scheme |
|
| Item type |
Books |